000 004270000a22001690004500
003 MACL
005 20160101163143.0
008 160101b xxu||||| |||| 00| 0 eng d
040 _aMACL
_cMACL
041 _aEnglish
082 _a384/MOL
100 _aMolloy, E
_926666
245 _aRadio and Television Servicing
260 _bGeorge Newnes Ltd
_c1957
_aLondon
650 _aCommunication
_926667
942 _cBK
_k384/MOL
_2ddc
999 _c34511
_d34511